Consueta o director de la gran función lírico-dramática que anualmente viene celebrandose en Santa María... con algunas curiosas noticias (Record no. 47164)

MARC details
000 -LEADER
campo de control de longitud fija 00683nam a2200169 i 4500
001 - NÚMERO DE CONTROL
campo de control 47164
003 - IDENTIFICADOR DE NÚMERO DE CONTROL
campo de control ES-MaACL
005 - FECHA Y HORA DE LA ÚLTIMA TRANSACCIÓN
campo de control 20230906161520.0
007 - CAMPO FIJO DE DESCRIPCIÓN FÍSICA--INFORMACIÓN GENERAL
campo de control de longitud fija t|
008 - DATOS DE LONGITUD FIJA--INFORMACIÓN GENERAL
campo de control de longitud fija 030404q19301939sp ||||1| spa d
245 00 - MENCIÓN DEL TÍTULO
Título Consueta o director de la gran función lírico-dramática que anualmente viene celebrandose en Santa María... con algunas curiosas noticias
Resto del título : publicación particular de la Consueta de 1625 /
Mención de responsabilidad, etc. por el cronista de la ciudad Pedro Ibarra Ruiz.
260 ## - PUBLICACIÓN, DISTRIBUCIÓN, ETC.
Lugar de publicación, distribución, etc. Elche :
Nombre del editor, distribuidor, etc. [s.n.,
Fecha de publicación, distribución, etc. 193-?] (
Fabricante Tip. Agulló)
300 ## - DESCRIPCIÓN FÍSICA
Extensión 91 p. ;
Dimensiones 21 cm.
500 ## - NOTA GENERAL
Nota general Precede al tít.: Fiesta de agosto en Elche.
700 1# - ENTRADA AGREGADA--NOMBRE PERSONAL
Nombre de persona Ibarra Ruiz, Pedro.
9 (RLIN) 64963
852 ## - LOCALIZACIÓN
Ubicación ES-MaACL
Número de control de estantería 1782-F-2
Holdings
Estatus retirado Estado de pérdida Estado de daño No para préstamo Colección Biblioteca de origen Biblioteca actual Ubicación en estantería Fecha de adquisición Fuente de adquisición Total de préstamos Signatura topográfica completa Código de barras Visto por última vez Precio de reemplazo Tipo de ítem Koha
        Colección de folletos Biblioteca del Ateneo de Madrid Biblioteca del Ateneo de Madrid Depósito folletos 17/01/2008     1782-F-2 1049608 23/02/2023 23/02/2023 Folleto